| 000 | 00910nam a2200253 a 4500 | ||
|---|---|---|---|
| 999 |
_c11551 _d11551 |
||
| 001 | 11551 | ||
| 003 | BD-JhCC | ||
| 005 | 20200328125146.0 | ||
| 008 | 200325s20152019b |||| |||| 000 0 ben d | ||
| 020 | _a9789849080657 | ||
| 035 | _a(BD-JhCC)11551 | ||
| 040 |
_aBD-JhCC _dBD-JhCC |
||
| 041 | _aben | ||
| 082 |
_a320.954 _bRAZ 2019 |
||
| 100 | _aরাজ্জাক, মানিক মোহাম্মদ | ||
| 245 |
_aকৌটিল্যের অর্থশাস্ত্র / _cমানিক মোহাম্মদ রাজ্জাক |
||
| 260 |
_aঢাকা : _bনালন্দা, _c২০১৯ |
||
| 300 |
_a৫২৬ পৃ. : _c২১ সেমি. |
||
| 500 | _aগ্রন্থপঞ্জি অর্ন্তভূক্ত | ||
| 650 | _aArthashastra (Kauṭalya) | ||
| 650 | _aIndustrial management | ||
| 650 |
_aPolitics and government _zIndia |
||
| 942 |
_2ddc _cBK |
||